[Event "51. Miedzynarodowy Festiwal Szachowy im. Akiby Rubinsteina - OPEN B"]
[Site "Polanica-Zdroj"]
[Date "1899-12-30"]
[Round "2.11"]
[White "Koziol, Kamil"]
[Black "Czuchnicki, Adam"]
[Result "1-0"]
[WhiteTitle "k"]
[BlackTitle "I+"]
[WhiteElo "2187"]
[BlackElo "2063"]

1. e4 c5 2. Nf3 d6 3. d4 cxd4 4. Nxd4 Nf6 5. Nc3 a6 6. Be3 e6 7. f3 b5 8. Qd2 Nbd7
9. g4 Nb6 10. O-O-O Nfd7 11. Bg5 Qc7 12. Bxb5 axb5 13. Ndxb5 Qc6 14. Nxd6+ Bxd6
15. Qxd6 Qxd6 16. Rxd6 Nc4 17. Rdd1 Ba6 18. h4 Nce5 19. Rh3 h5 20. Rg1 hxg4 21.
fxg4 f6 22. Be3 Kf7 23. b3 Rhc8 24. Bd2 Rc7 25. g5 Rh8 26. h5 fxg5 27. Rxg5 Rcc8
28. Rhg3 Rh7 29. Kb2 Rch8 30. a4 Rxh5 31. Rxg7+ Kf6 32. Nd1 Nc5 33. Nf2 R8h7 34.
Rxh7 Rxh7 35. Bc3 Be2 36. Bd4 Ncd7 37. Re3 Bh5 38. Nd3 Rg7 39. a5 Rg5 40. a6 Ke7
41. Nxe5 Nxe5 42. a7 Rg8 43. Bxe5 Ra8 44. Bb8 Be8 45. c4 1-0

[Event "51. Miedzynarodowy Festiwal Szachowy im. Akiby Rubinsteina - OPEN B"]
[Site "Polanica-Zdroj"]
[Date "1899-12-30"]
[Round "2.12"]
[White "Rozycki, Bartlomiej"]
[Black "Oglaza, Oskar"]
[Result "1-0"]
[WhiteTitle "k++"]
[BlackTitle "I+"]
[WhiteElo "2169"]
[BlackElo "2020"]

1. e4 c5 2. Nf3 d6 3. d4 cxd4 4. Qxd4 Nc6 5. Bb5 Bd7 6. Qd3 Rc8 7. Nc3 g6 8. O-O
Bg7 9. Bg5 Nf6 10. Rad1 a6 11. Bxc6 Bxc6 12. e5 dxe5 13. Qe3 Qc7 14. Nxe5 O-O
15. Bf4 Qa5 16. Nxc6 Rxc6 17. Qxe7 Qb6 18. Qa3 Rfc8 19. Be5 Qa7 20. Rd6 Ng4 21.
Bxg7 Kxg7 22. h3 Ne5 23. Rxc6 Rxc6 24. Qe7 Qd4 25. Rd1 Qf4 26. Qxb7 Rf6 27. Qa7
Qg5 28. Kh1 Qh5 29. Qd4 Kg8 30. Re1 Re6 31. Nd5 Nf3 32. Ne7+ Kf8 33. Qd8+ Kg7
34. Rxe6 fxe6 35. Qg8+ 1-0

[Event "51. Miedzynarodowy Festiwal Szachowy im. Akiby Rubinsteina - OPEN B"]
[Site "Polanica-Zdroj"]
[Date "1899-12-30"]
[Round "2.13"]
[White "Kopaczewski, Adam"]
[Black "Zebracki, Tomasz"]
[Result "0-1"]
[WhiteTitle "I"]
[BlackTitle "k"]
[WhiteElo "1920"]
[BlackElo "2158"]

1. e4 e6 2. Nc3 d5 3. Nf3 Nf6 4. exd5 Nxd5 5. Bc4 Be7 6. d4 Nxc3 7. bxc3 O-O 8.
O-O Nd7 9. Bf4 Nb6 10. Bd3 Nd5 11. Be5 Nxc3 12. Bxh7+ Kxh7 13. Qd3+ Kg8 14. Qxc3
Bd6 15. Qd3 Bxe5 16. Nxe5 b6 17. Qe4 Rb8 18. Qg4 Bb7 19. Rfe1 Qe7 20. Re3 Rfd8
21. Rh3 Qf6 22. Qh5 Kf8 23. Nd7+ Rxd7 24. Qh8+ Ke7 25. Qxb8 Qxd4 26. Re1 Qe4 27.
Kf1 Ba6+ 28. Rd3 Rxd3 0-1

[Event "51. Miedzynarodowy Festiwal Szachowy im. Akiby Rubinsteina - OPEN B"]
[Site "Polanica-Zdroj"]
[Date "1899-12-30"]
[Round "2.14"]
[White "Zochowski, Kacper"]
[Black "Dwilewicz, Katarzyna"]
[Result "1-0"]
[WhiteTitle "k"]
[BlackTitle "I++"]
[WhiteElo "2154"]
[BlackElo "1872"]

1. e4 c5 2. Nf3 e6 3. d4 cxd4 4. Nxd4 Nf6 5. Bd3 Nc6 6. Nxc6 bxc6 7. O-O d5 8.
Nd2 Bd6 9. c4 Bb7 10. cxd5 cxd5 11. Qa4+ Nd7 12. Bb5 a6 13. Bc6 Bxh2+ 14. Kh1
Bxc6 15. Qxc6 Bc7 16. Nf3 dxe4 17. Bg5 f6 18. Nd4 Be5 19. Nxe6 Qc8 20. Qxe4 fxg5
21. Rac1 Qb8 22. Nc7+ Ke7 23. Rfd1 Rd8 24. Nxa8 Nf6 25. Qe3 Ng4 26. Qxg5+ Bf6
27. Qxg4 Qxa8 28. Rc7+ Kf8 29. Rxd8+ 1-0

[Event "51. Miedzynarodowy Festiwal Szachowy im. Akiby Rubinsteina - OPEN B"]
[Site "Polanica-Zdroj"]
[Date "1899-12-30"]
[Round "2.15"]
[White "Korpalski, Maciej"]
[Black "Chylewski, Patryk"]
[Result "1/2-1/2"]
[WhiteTitle "I"]
[BlackTitle "k"]
[WhiteElo "1838"]
[BlackElo "2143"]

1. e4 c5 2. Nf3 e6 3. d4 cxd4 4. Nxd4 Nc6 5. Nc3 Qc7 6. Be3 a6 7. Qf3 Nf6 8. O-O-O
Bb4 9. Nxc6 bxc6 10. Bd4 Be7 11. e5 Nd5 12. Qg3 O-O 13. Nxd5 cxd5 14. Bd3 a5 15.
Qh3 h6 16. c3 a4 17. f4 Bc5 18. Kb1 Bxd4 19. cxd4 Ba6 20. Rc1 Qa5 21. Rhd1 Rfc8
22. Bxa6 Qxa6 23. Qd3 Rc4 24. Rc3 Rb8 25. Rd2 Qa5 26. Rdc2 Rxc3 27. Rxc3 Qb4 28.
Qd2 Qb5 29. b3 Ra8 30. Qd3 Qa5 31. Qc2 axb3 32. Rc8+ Rxc8 33. Qxc8+ Kh7 34. axb3
Qb4 35. Qc2+ g6 36. Qd3 Qe1+ 37. Kc2 Qa1 38. Qc3 Qa2+ 39. Qb2 Qa6 40. g3 Qb5 41.
Qc3 Qe2+ 42. Qd2 Qb5 43. h4 h5 44. Qd3 Qa5 45. Qc3 Qa2+ 46. Qb2 Qa6 47. Qc3 1/2-1/2

[Event "51. Miedzynarodowy Festiwal Szachowy im. Akiby Rubinsteina - OPEN B"]
[Site "Polanica-Zdroj"]
[Date "1899-12-30"]
[Round "2.19"]
[White "Kowalczyk, Pawel"]
[Black "Nowak, Lukasz"]
[Result "1-0"]
[WhiteTitle "I++"]
[BlackTitle "k"]
[WhiteElo "2352"]
[BlackElo "2113"]

1. d4 Nf6 2. c4 g6 3. Nc3 Bg7 4. e4 d6 5. f3 O-O 6. Be3 c5 7. dxc5 dxc5 8. Qxd8
Rxd8 9. Bxc5 Nc6 10. Rd1 Rxd1+ 11. Kxd1 Nd7 12. Ba3 Bxc3 13. bxc3 Nde5 14. f4
Ng4 15. Ke2 Be6 16. Kf3 Rd8 17. h3 Nf6 18. Ke3 Rd1 19. Ne2 Bxc4 20. Ng3 Bxa2 21.
Bb5 Rxh1 22. Nxh1 Kf8 23. Nf2 Na5 24. Kd4 a6 25. Be2 Nc6+ 26. Ke3 Nd7 27. Nd3
Ke8 28. g4 Bc4 29. g5 b5 30. Bf3 Nb6 31. h4 a5 32. Nc5 b4 33. cxb4 axb4 34. Bb2
Bb5 35. Bc1 Nc4+ 36. Kf2 Nd4 37. Bd1 e5 38. Nd3 b3 39. fxe5 Ke7 40. Nb2 Nxe5 41.
Ke3 Nec6 42. Nd3 Nc2+ 43. Kd2 Bxd3 44. Kxd3 N6b4+ 45. Kc3 Na2+ 46. Kxb3 Nxc1+
47. Kxc2 Na2 48. Kb3 Nc1+ 49. Kc3 Ke6 50. Kd2 Ke5 51. Kxc1 Kxe4 52. Kd2 Kf4 53.
Kd3 Ke5 54. Ke3 f6 55. Bg4 fxg5 56. hxg5 h6 57. gxh6 Kf6 58. Kf3 Kf7 59. Be6+
Kf6 60. Kg4 g5 61. Kh5 g4 62. Bxg4 Kf7 63. Be6+ 1-0

[Event "51. Miedzynarodowy Festiwal Szachowy im. Akiby Rubinsteina - OPEN B"]
[Site "Polanica-Zdroj"]
[Date "1899-12-30"]
[Round "3.1"]
[White "Koziol, Kamil"]
[Black "Antoniewski, Rafal"]
[Result "1/2-1/2"]
[WhiteTitle "k"]
[BlackTitle "GM"]
[WhiteElo "2187"]
[BlackElo "2531"]

1. d4 Nf6 2. c4 Nc6 3. Nf3 e6 4. Nc3 Bb4 5. e3 d6 6. Qc2 O-O 7. Be2 e5 8. O-O exd4
9. exd4 Bg4 10. Be3 Bxc3 11. bxc3 h6 12. h3 Bh5 13. d5 Na5 14. Nd4 Bxe2 15. Qxe2
Re8 16. Nb3 c6 17. Rfd1 Ne4 18. Qd3 c5 19. Rab1 Nxb3 20. axb3 Qf6 21. Rdc1 a5
22. b4 b6 23. bxa5 bxa5 24. Rb3 Qe5 25. Ra1 f5 26. Rba3 f4 27. Bd2 Nxd2 28. Qxd2
Qe4 29. Rxa5 Rxa5 30. Rxa5 Qxc4 31. Ra2 Re5 32. Ra8+ Kf7 33. Ra7+ Kf6 34. Rd7
Rxd5 35. Rxd6+ Ke5 1/2-1/2

[Event "51. Miedzynarodowy Festiwal Szachowy im. Akiby Rubinsteina - OPEN B"]
[Site "Polanica-Zdroj"]
[Date "1899-12-30"]
[Round "3.2"]
[White "Malaniuk, Vladimir P"]
[Black "Rozycki, Bartlomiej"]
[Result "1-0"]
[WhiteTitle "GM"]
[BlackTitle "k++"]
[WhiteElo "2485"]
[BlackElo "2169"]

1. d4 Nf6 2. Nf3 e6 3. c4 Bb4+ 4. Bd2 Qe7 5. g3 Bxd2+ 6. Qxd2 Nc6 7. Nc3 d5 8.
cxd5 exd5 9. Bg2 Bg4 10. O-O O-O-O 11. h3 Bxf3 12. exf3 Rhe8 13. Rfd1 Qb4 14.
Bf1 a6 15. b3 Qa3 16. Rac1 Rd6 17. Nb1 Qb4 18. Rc3 Rde6 19. a3 Qd6 20. b4 Na7
21. a4 Kb8 22. Rc2 c6 23. Rb2 Qe7 24. b5 axb5 25. axb5 cxb5 26. Nc3 b4 27. Na2
Nc6 28. Nxb4 Nxb4 29. Rxb4 Re1 30. Rxe1 Qxe1 31. Qf4+ Kc8 32. Rb2 Re6 33. Kg2
Rc6 34. Bd3 g6 35. Rb1 Qe6 36. Ra1 Kd8 37. Ra2 h5 38. Bb5 Rc7 39. Re2 Qb6 40.
Qxf6+ Qxf6 41. Re8# 1-0

[Event "51. Miedzynarodowy Festiwal Szachowy im. Akiby Rubinsteina - OPEN B"]
[Site "Polanica-Zdroj"]
[Date "1899-12-30"]
[Round "3.3"]
[White "Zebracki, Tomasz"]
[Black "Sergeev, Vladimir"]
[Result "1/2-1/2"]
[WhiteTitle "k"]
[BlackTitle "GM"]
[WhiteElo "2158"]
[BlackElo "2452"]

1. e4 c5 2. Nf3 a6 3. c3 Nf6 4. e5 Nd5 5. d4 cxd4 6. cxd4 e6 7. Nc3 Nxc3 8. bxc3
Qc7 9. Bd2 d6 10. Bd3 Nd7 11. exd6 Bxd6 12. O-O b6 13. Be4 Bb7 14. Bxb7 Qxb7 15.
c4 O-O 16. Qb3 Qc7 17. Bb4 Bxb4 18. Qxb4 Rfc8 19. Rac1 b5 20. c5 Nb8 21. Rfd1
Nc6 22. Qb3 Na5 23. Qc3 Rd8 24. Ne5 Rd5 25. Ng4 Rad8 26. Ne3 R5d7 27. d5 exd5
28. Nf5 d4 29. Rxd4 Rxd4 30. Nxd4 Nc4 31. c6 g6 32. a4 Qe5 33. c7 Qxc7 34. axb5
axb5 35. Nxb5 Qc5 36. Na3 Qxa3 37. Qxc4 Qa7 38. g3 h5 39. h4 Qe7 40. Qc3 Qe4 41.
Re1 Qf5 42. Qe3 Kh7 43. Qe4 Rd1 44. Qe2 Rxe1+ 45. Qxe1 Qf3 46. Qe5 1/2-1/2

[Event "51. Miedzynarodowy Festiwal Szachowy im. Akiby Rubinsteina - OPEN B"]
[Site "Polanica-Zdroj"]
[Date "1899-12-30"]
[Round "3.4"]
[White "Zochowski, Kacper"]
[Black "Nasuta, Grzegorz"]
[Result "1/2-1/2"]
[WhiteTitle "k"]
[BlackTitle "FM"]
[WhiteElo "2154"]
[BlackElo "2372"]

1. e4 c5 2. Nf3 d6 3. d4 cxd4 4. Nxd4 Nf6 5. Nc3 e6 6. f4 a6 7. Qf3 Qb6 8. a3 Nc6
9. Nxc6 bxc6 10. b3 d5 11. Bd3 Bb7 12. Bb2 d4 13. Nb1 c5 14. Nd2 Be7 15. g4 Nd7
16. O-O-O e5 17. Nc4 Qc7 18. f5 Bg5+ 19. Kb1 Nb6 20. Na5 Nd7 21. Nc4 Nb6 22. Na5
Nd7 23. Nc4 Nb6 1/2-1/2

[Event "51. Miedzynarodowy Festiwal Szachowy im. Akiby Rubinsteina - OPEN B"]
[Site "Polanica-Zdroj"]
[Date "1899-12-30"]
[Round "3.5"]
[White "Panas, Pawel"]
[Black "Kowalczyk, Pawel"]
[Result "0-1"]
[WhiteTitle "k"]
[BlackTitle "I++"]
[WhiteElo "2100"]
[BlackElo "2352"]

1. Nf3 c5 2. c4 Nc6 3. Nc3 g6 4. g3 Bg7 5. Bg2 e6 6. O-O Nge7 7. e3 O-O 8. d4 cxd4
9. Nxd4 a6 10. Nde2 Rb8 11. e4 b5 12. c5 Qc7 13. Bf4 Ne5 14. Rc1 h6 15. h4 Bb7
16. b4 N7c6 17. Qb3 d6 18. a4 dxc5 19. axb5 Nd4 20. Nxd4 cxd4 21. Ne2 Qb6 22.
Rc5 Nd7 23. Bxb8 Rxb8 24. Rcc1 Qxb5 25. Qc4 Qxc4 26. Rxc4 Nb6 27. Rxd4 Bxd4 28.
Nxd4 Rc8 29. Nb3 Rc2 30. Rb1 Na4 31. Ra1 Nc3 32. Nc5 Bc6 33. Rxa6 Rc1+ 34. Kh2
Bb5 35. Rb6 Rc2 36. Kg1 Ne2+ 37. Kh2 Nd4 38. Kg1 Be2 39. Rb8+ Kg7 40. f4 Rb2 41.
Rb7 Bg4 42. e5 h5 43. Ne4 Ne2+ 44. Kh2 Nxf4 45. gxf4 Bf3 46. Rxf7+ Kg8 47. Kg3
Bxe4 48. Bxe4 Kxf7 49. b5 Rxb5 50. Kf3 Rb3+ 51. Kg2 Re3 52. Bf3 Ra3 53. Be4 Rc3
54. Bb1 Re3 55. Kf2 Rh3 56. Be4 Rxh4 57. Kg3 Rg4+ 0-1

[Event "51. Miedzynarodowy Festiwal Szachowy im. Akiby Rubinsteina - OPEN B"]
[Site "Polanica-Zdroj"]
[Date "1899-12-30"]
[Round "3.6"]
[White "Stoma, Pawel"]
[Black "Zareba, Radoslaw"]
[Result "1-0"]
[WhiteTitle "m"]
[BlackTitle "I"]
[WhiteElo "2346"]
[BlackElo "2071"]

1. c4 b6 2. e4 Bb7 3. Nc3 e6 4. g3 Bb4 5. Bg2 f5 6. f3 fxe4 7. fxe4 Nf6 8. Qe2
Nc6 9. Nf3 Bc5 10. d3 O-O 11. e5 Ng4 12. Bf4 Nd4 13. Nxd4 Bxg2 14. Qxg2 Bxd4 15.
Qe2 Rxf4 16. gxf4 Qh4+ 17. Kd2 Rf8 18. Rhf1 Be3+ 19. Kc2 Bxf4 20. Rg1 Nxe5 21.
Raf1 h5 22. Qe4 Nc6 23. Ne2 Bg5 24. Qxh4 Bxh4 25. Rxf8+ Kxf8 26. Nf4 Bf6 27. Nxh5
Be5 28. Rf1+ Ke7 29. Nf4 Nb4+ 30. Kd2 Bxf4+ 31. Rxf4 Nxa2 32. Rg4 Kf7 33. Rd4
Ke7 34. Rh4 Nb4 35. Kc3 c5 36. d4 Nc6 37. dxc5 bxc5 38. Rh5 d6 39. Rh8 Ne5 40.
Ra8 Nf3 41. Rxa7+ Kf6 42. Rd7 Ke5 43. Rxg7 Nxh2 44. Rg5+ Ke4 45. Rg1 Nf3 46. Rg4+
Kf5 47. Rg8 Nd4 48. b4 Ne2+ 49. Kd2 Nd4 50. b5 d5 51. b6 Nb3+ 52. Kc3 Na5 53.
Ra8 Nb7 54. Ra7 1-0

[Event "51. Miedzynarodowy Festiwal Szachowy im. Akiby Rubinsteina - OPEN B"]
[Site "Polanica-Zdroj"]
[Date "1899-12-30"]
[Round "3.7"]
[White "Dubinski, Mateusz"]
[Black "Zolnierowicz, Krzysztof"]
[Result "1-0"]
[WhiteTitle "CM"]
[BlackTitle "IM"]
[WhiteElo "2207"]
[BlackElo "2043"]

1. d4 c5 2. d5 e6 3. Nc3 exd5 4. Nxd5 d6 5. e4 Nc6 6. Ne2 g6 7. Nec3 a6 8. Bf4
b5 9. Qd2 b4 10. Nd1 Bg7 11. c3 bxc3 12. bxc3 Rb8 13. Be2 Nge7 14. Nxe7 Kxe7 15.
Ne3 Re8 16. O-O Ne5 17. Bg5+ f6 18. f4 Nf7 19. Bh4 Kf8 20. Bf3 Kg8 21. Rab1 Rxb1
22. Rxb1 g5 23. Bg3 gxf4 24. Bxf4 Ng5 25. Rb8 Bf8 26. Qd5+ Kh8 27. Bh5 Qc7 28.
Bxg5 fxg5 29. Bxe8 Qxb8 30. Qf7 Bg7 31. Bc6 Qb1+ 32. Nf1 h6 33. Bd5 Kh7 34. Qg8+
Kg6 35. Qxc8 Bxc3 36. Qe8+ 1-0

[Event "51. Miedzynarodowy Festiwal Szachowy im. Akiby Rubinsteina - OPEN B"]
[Site "Polanica-Zdroj"]
[Date "1899-12-30"]
[Round "3.8"]
[White "Wojcik, Michal"]
[Black "Sabuk, Piotr"]
[Result "0-1"]
[WhiteTitle "I"]
[BlackTitle "k+"]
[WhiteElo "1765"]
[BlackElo "2340"]

1. Nf3 d5 2. g3 Nf6 3. Bg2 e6 4. O-O Be7 5. d3 O-O 6. Nbd2 c5 7. e4 Nc6 8. Re1
a5 9. e5 Nd7 10. Nf1 b5 11. h4 Qc7 12. Bf4 Ba6 13. N1h2 Rfc8 14. Bh3 c4 15. d4
c3 16. b3 a4 17. h5 axb3 18. axb3 Bb7 19. h6 Rxa1 20. Qxa1 g6 21. Qc1 Ra8 22.
Qe3 Nb4 23. Rc1 Ra2 24. Ne1 Na6 25. Bf1 Qc6 26. Bg5 Ba3 27. Rd1 Bf8 28. Ng4 Nc7
29. Nf6+ Nxf6 30. Bxf6 Ba6 31. Bd8 Ne8 32. Bg5 b4 33. Bh3 Nc7 34. Qf4 Nb5 35.
Qe3 Na3 36. Rc1 Rb2 37. Bg4 Qb5 38. Bd1 Qf1+ 39. Kh2 Nb1 40. Bf3 Nd2 41. Ra1 Nxb3
42. Bg2 Qc4 43. cxb3 Rxb3 44. Nc2 Qc6 45. Qf4 Rb2 46. Ne3 b3 47. Qf6 Ra2 48. Nxd5
Qd7 49. Nb6 Qc7 50. Nd5 Qd7 51. Nb6 Qc7 52. Nd5 exd5 53. Bxd5 Bc4 54. Bxc4 Qxc4
55. Qd8 f6 56. Bxf6 Rxa1 57. d5 Qe4 58. Qd7 Rh1# 0-1

[Event "51. Miedzynarodowy Festiwal Szachowy im. Akiby Rubinsteina - OPEN B"]
[Site "Polanica-Zdroj"]
[Date "1899-12-30"]
[Round "3.9"]
[White "Swicarz, Maciej"]
[Black "Korpalski, Maciej"]
[Result "1-0"]
[WhiteTitle "m"]
[BlackTitle "I"]
[WhiteElo "2300"]
[BlackElo "1838"]

1. e4 c5 2. Nc3 Nc6 3. Bb5 Nd4 4. Bc4 a6 5. Nf3 b5 6. Bxf7+ Kxf7 7. Nxd4 cxd4 8.
Qh5+ g6 9. Qd5+ e6 10. Qxa8 dxc3 11. dxc3 Qc7 12. Be3 Nf6 13. f3 Bc5 14. Bxc5
Qxc5 15. O-O-O Qb6 16. a4 Re8 17. a5 Qxa5 18. Qb8 d5 19. Kb1 dxe4 20. fxe4 e5
21. Rd6 Nxe4 22. Rf1+ Kg8 23. Rd5 Bd7 24. Qb7 Be6 25. Qc6 Re7 26. Qa8+ Kg7 27.
Qf8# 1-0

[Event "51. Miedzynarodowy Festiwal Szachowy im. Akiby Rubinsteina - OPEN B"]
[Site "Polanica-Zdroj"]
[Date "1899-12-30"]
[Round "3.10"]
[White "Chylewski, Patryk"]
[Black "Leks, Maria"]
[Result "1-0"]
[WhiteTitle "k"]
[BlackTitle "WCM"]
[WhiteElo "2143"]
[BlackElo "2101"]

1. d4 d5 2. c4 c6 3. Nf3 Nf6 4. e3 Bf5 5. Nc3 e6 6. Nh4 Bg4 7. Qb3 Qb6 8. h3 Bh5
9. g4 Bg6 10. Nxg6 hxg6 11. Bg2 Nbd7 12. g5 Nh5 13. Bd2 Be7 14. h4 Rb8 15. O-O-O
Qxb3 16. axb3 b5 17. cxb5 cxb5 18. Bf1 a6 19. Bd3 Nb6 20. Na2 O-O 21. Kb1 f5 22.
Nb4 Ra8 23. Rc1 Bxb4 24. Bxb4 Rfc8 25. Ba5 Nd7 26. Bc7 Kf7 27. Rc2 Ke8 28. Rhc1
Nf8 29. Be5 Rxc2 30. Rxc2 Kd8 31. Rc6 Kd7 32. Rc7+ Kd8 33. Ka2 Rc8 34. Ra7 Rc6
35. Bxg7 Nxg7 36. Rxg7 Rc7 37. Rxc7 Kxc7 38. Be2 Kd6 39. Ka3 e5 40. h5 gxh5 41.
Bxh5 Ne6 42. g6 exd4 43. exd4 Ke7 44. Kb4 Kf6 45. Bf3 Nxd4 46. Bxd5 Kxg6 47. Kc5
Nc2 48. Bb7 Ne1 49. Kd4 a5 50. Kc3 1-0

[Event "51. Miedzynarodowy Festiwal Szachowy im. Akiby Rubinsteina - OPEN B"]
[Site "Polanica-Zdroj"]
[Date "1899-12-30"]
[Round "3.11"]
[White "Oglaza, Oskar"]
[Black "Kulas, Szymon"]
[Result "1-0"]
[WhiteTitle "I+"]
[BlackTitle "k"]
[WhiteElo "2020"]
[BlackElo "2266"]

1. e4 e6 2. d4 d5 3. Nd2 a6 4. Ngf3 c5 5. exd5 exd5 6. dxc5 Bxc5 7. Nb3 Bb6 8.
Bd3 Qe7+ 9. Qe2 Nc6 10. c3 Bg4 11. O-O Qxe2 12. Bxe2 Nge7 13. Nbd4 O-O 14. Be3
Bc7 15. Rad1 Rad8 16. h3 Bc8 17. Nxc6 bxc6 18. Bc5 Bd6 19. Bxd6 Rxd6 20. b4 Ng6
21. Nd4 Nf4 22. Bf3 Rf6 23. Kh2 g5 24. c4 h5 25. cxd5 g4 26. Be4 cxd5 27. Bc2
gxh3 28. g3 Ng6 29. Nb3 Ne5 30. Nc5 Rd8 31. Be4 Rfd6 32. Bd3 Bg4 33. Nb7 Bxd1
34. Rxd1 Ng4+ 35. Kg1 h2+ 36. Kg2 Rf6 37. Nxd8 Rxf2+ 38. Kh1 Rb2 39. Rf1 Nf2+
40. Rxf2 Rxf2 41. a4 Rf6 42. a5 h4 43. gxh4 Rf4 44. Nc6 Rxh4 45. Bxa6 Rh6 46.
Bb7 Rd6 47. a6 d4 48. a7 1-0

[Event "51. Miedzynarodowy Festiwal Szachowy im. Akiby Rubinsteina - OPEN B"]
[Site "Polanica-Zdroj"]
[Date "1899-12-30"]
[Round "3.12"]
[White "Kocwin, Bartosz"]
[Black "Widla, Piotr"]
[Result "0-1"]
[WhiteTitle "FM"]
[BlackTitle "I++"]
[WhiteElo "2250"]
[BlackElo "2009"]

1. e4 c5 2. Nf3 d6 3. Nc3 a6 4. d4 cxd4 5. Nxd4 Nf6 6. Bc4 e6 7. Bb3 Be7 8. O-O
O-O 9. Be3 Qc7 10. f3 Nc6 11. Qe1 Ne5 12. Rd1 b5 13. Qg3 Rd8 14. f4 Neg4 15. Bc1
b4 16. Nce2 e5 17. Nf5 Bxf5 18. exf5 Qb6+ 19. Kh1 h5 20. Qf3 e4 21. Qg3 e3 22.
Kg1 d5 23. h3 Ne4 24. Qe1 Ngf6 25. Rd4 Nd2 26. Bxd2 exd2 27. Qxd2 Bc5 28. Kh2
Bxd4 29. Nxd4 Ne4 30. Qe3 Qd6 31. Rd1 Re8 32. Qf3 Nf6 33. Ne2 Rad8 34. c4 Qe7
35. Nd4 Qc5 36. cxd5 Nxd5 37. Qxh5 Qc7 38. g3 Ne3 39. f6 Qb7 40. Rd2 Nf1+ 41.
Kg1 Nxd2 42. fxg7 Re1+ 43. Kf2 Rf1+ 44. Ke2 Qe4+ 45. Kxd2 Rxd4# 0-1

[Event "51. Miedzynarodowy Festiwal Szachowy im. Akiby Rubinsteina - OPEN B"]
[Site "Polanica-Zdroj"]
[Date "1899-12-30"]
[Round "3.13"]
[White "Kanicki, Krzysztof"]
[Black "Daniel, Damian"]
[Result "1-0"]
[WhiteTitle "k"]
[BlackTitle "I+"]
[WhiteElo "2205"]
[BlackElo "2008"]

1. e4 c6 2. d4 g6 3. Nc3 Bg7 4. Nf3 d6 5. h3 Nd7 6. a4 Qc7 7. Bc4 Ngf6 8. O-O O-O
9. Re1 e5 10. a5 Re8 11. Be3 Nxe4 12. Bxf7+ Kxf7 13. Nxe4 d5 14. Neg5+ Kg8 15.
Nxe5 Nxe5 16. dxe5 Rxe5 17. Nf3 Re4 18. Bd4 Bf5 19. Bxg7 Qxg7 20. c3 Rae8 21.
Qd2 h6 22. Rxe4 Rxe4 23. Re1 Kh7 24. Rxe4 dxe4 25. Nd4 Qe5 26. a6 Bc8 27. axb7
Bxb7 28. Nb3 Bc8 29. Qe3 Qb8 30. c4 Ba6 31. Na5 Kg8 32. Qxe4 Qxb2 33. Qxg6+ Kh8
34. Qxh6+ Kg8 35. Qg5+ Kh8 36. Qc5 1-0

[Event "51. Miedzynarodowy Festiwal Szachowy im. Akiby Rubinsteina - OPEN B"]
[Site "Polanica-Zdroj"]
[Date "1899-12-30"]
[Round "3.14"]
[White "Domanski, Lukasz"]
[Black "Salakhova, Gulnara"]
[Result "1-0"]
[WhiteTitle "I+"]
[BlackTitle "WIM"]
[WhiteElo "2002"]
[BlackElo "2179"]

1. e4 c5 2. Nf3 Nc6 3. Bb5 g6 4. Bxc6 bxc6 5. O-O Bg7 6. Re1 e5 7. c3 d6 8. d4
cxd4 9. cxd4 exd4 10. Nxd4 Ne7 11. Nc3 O-O 12. Bg5 Bb7 13. Qd2 Re8 14. Rad1 Qc7
15. h4 Nc8 16. Nf3 Nb6 17. b3 a5 18. h5 a4 19. Bf4 Rad8 20. h6 Bh8 21. Nxa4 Nxa4
22. bxa4 c5 23. Bxd6 Qc6 24. Qf4 Rxe4 25. Be5 Re8 26. Rxe4 Qxe4 27. Qxe4 Bxe4
28. Bxh8 Bxf3 29. gxf3 Kxh8 30. Rd7 Rc8 31. Kf1 Kg8 32. a5 Kf8 33. a6 c4 34. Ke1
c3 35. Kd1 Ke8 36. Rb7 1-0

[Event "51. Miedzynarodowy Festiwal Szachowy im. Akiby Rubinsteina - OPEN B"]
[Site "Polanica-Zdroj"]
[Date "1899-12-30"]
[Round "3.15"]
[White "Lukasiewicz, Krzysztof"]
[Black "Luba, Lukasz"]
[Result "1/2-1/2"]
[WhiteTitle "k"]
[BlackTitle "I"]
[WhiteElo "2000"]
[BlackElo "2139"]

1. e4 g6 2. d4 Bg7 3. Nc3 d6 4. Nf3 Nf6 5. Be2 O-O 6. O-O Bg4 7. Be3 h6 8. h3 Bd7
9. Qd2 Kh7 10. Rad1 a5 11. e5 Ne8 12. Ne4 f5 13. exf6 exf6 14. d5 Na6 15. Bd4
Nb4 16. Nc3 Bf5 17. Ne1 Qc8 18. a3 Na6 19. Nd3 b6 20. Rfe1 h5 21. Bf3 Rf7 22.
Re2 Nc5 23. Rde1 Qd7 24. Nf4 Bh6 25. Be3 Bxf4 26. Bxf4 Ng7 27. b4 axb4 28. axb4
Na4 29. Ne4 Bxe4 30. Bxe4 b5 31. Qd3 f5 32. Bf3 Nb2 33. Qc3 Nc4 34. Qd4 Qd8 35.
Bc1 Ne5 36. Qd2 Nxf3+ 37. gxf3 f4 38. Bb2 Qg5+ 39. Kh2 Nf5 40. Rg1 Qh4 41. Rg2
Raf8 42. Re1 Qd8 43. Qc3 Rg8 44. Reg1 Nh4 45. Rg5 Qf8 46. Qd3 Rf5 47. Kh1 Kh6
48. Rxf5 gxf5 49. Qd1 Rxg1+ 50. Qxg1 Nxf3 51. Qd1 Nh4 52. Bc1 Ng6 53. Qf3 Qf6
54. Bxf4+ Nxf4 55. Qxf4+ Qg5 56. Qd4 Kh7 57. c3 Kg8 58. Kh2 Kf7 59. Qd3 Kg6 60.
Qg3 h4 61. Qf3 Kf6 62. Qd3 Qf4+ 63. Kg1 Ke5 64. Qe2+ Qe4 65. Qxb5 Qxd5 66. Qe8+
Qe6 67. Qh8+ Kd5 68. Qxh4 Qe1+ 69. Kg2 Qxc3 70. Qf4 Qg7+ 71. Kf3 Qc3+ 72. Kg2
Qg7+ 73. Kf3 1/2-1/2

[Event "51. Miedzynarodowy Festiwal Szachowy im. Akiby Rubinsteina - OPEN B"]
[Site "Polanica-Zdroj"]
[Date "1899-12-30"]
[Round "3.20"]
[White "Nowak, Lukasz"]
[Black "Bajkowski, Marcin"]
[Result "1/2-1/2"]
[WhiteTitle "k"]
[BlackTitle "I+"]
[WhiteElo "2113"]
[BlackElo "1892"]

1. e4 c5 2. Nf3 d6 3. d4 cxd4 4. Nxd4 Nf6 5. Nc3 a6 6. h3 e6 7. g4 h6 8. Bg2 Qc7
9. O-O Be7 10. Be3 Nc6 11. Nce2 Bd7 12. c3 O-O 13. Qd2 Rac8 14. Rac1 d5 15. exd5
Nxd5 16. Bxd5 exd5 17. Nf4 Qd6 18. Nb3 Be6 19. Rcd1 Ne5 20. Qe2 Nc4 21. Bc1 g5
22. Nh5 Rce8 23. Rfe1 Bd8 24. Qd3 b5 25. Nd4 Bc8 26. Nf5 Bxf5 27. Qxf5 Re5 28.
Rxe5 Nxe5 29. Be3 Re8 30. b3 Qe6 31. Ng3 Bc7 32. Bd4 Ng6 33. Nh5 Rd8 34. Qf6 Qxf6
35. Nxf6+ Kf8 36. Bc5+ Kg7 37. Nxd5 Be5 38. Bb6 Rd7 39. Ne3 Rxd1+ 40. Nxd1 Nf4
41. c4 Nxh3+ 42. Kf1 Nf4 43. cxb5 axb5 44. a4 bxa4 45. bxa4 Nd5 46. Bc5 Bc7 47.
Ke2 f5 48. f3 fxg4 49. fxg4 Kg6 50. Kd3 h5 51. gxh5+ Kxh5 52. Ke4 Nb6 53. a5 Nd7
54. Bb4 g4 55. Ne3 g3 56. Kf3 Kh4 57. Nd5 Ne5+ 58. Kg2 Nc6 59. a6 Bb8 60. Be7+
Nxe7 61. Nxe7 Ba7 62. Nf5+ Kg4 63. Nxg3 Kf4 64. Ne2+ Ke5 65. Nc3 Kd4 66. Nb5+
Kc5 67. Nxa7 Kb6 1/2-1/2

[Event "51. Miedzynarodowy Festiwal Szachowy im. Akiby Rubinsteina - OPEN B"]
[Site "Polanica-Zdroj"]
[Date "1899-12-30"]
[Round "4.1"]
[White "Stoma, Pawel"]
[Black "Malaniuk, Vladimir P"]
[Result "0-1"]
[WhiteTitle "m"]
[BlackTitle "GM"]
[WhiteElo "2346"]
[BlackElo "2485"]

1. e4 e5 2. Nf3 Nc6 3. Bb5 a6 4. Ba4 Nf6 5. d3 b5 6. Bb3 Be7 7. Nbd2 O-O 8. O-O
d6 9. c3 Na5 10. Bc2 c5 11. Re1 Nc6 12. Nf1 h6 13. Ng3 Re8 14. a4 b4 15. Bb3 Rb8
16. h3 Bf8 17. Ba2 Qa5 18. Bd2 Qc7 19. Nh4 bxc3 20. bxc3 Be6 21. Nhf5 Qd7 22.
f4 Bxa2 23. Rxa2 d5 24. fxe5 Nxe5 25. d4 cxd4 26. cxd4 Nd3 27. e5 Nxe1 28. exf6
g6 29. Nxh6+ Bxh6 30. Bxh6 Qd6 31. Nf1 Qxf6 32. Be3 Qf5 33. Qxe1 Rb1 34. Qf2 Rxe3
35. Qxe3 Qxf1+ 36. Kh2 Re1 37. Qf2 Qxf2 38. Rxf2 Ra1 39. Rf6 Rxa4 40. Rd6 Rxd4
41. Rxa6 Rd3 42. Kg1 Kf8 43. Kf2 Ke7 44. h4 Rd4 45. g3 Re4 46. Kf3 Re6 47. Ra7+
Kf6 48. Rd7 Re5 49. Rd6+ Ke7 50. Ra6 Re1 51. Rb6 Rf1+ 52. Ke3 Rf6 53. Rb3 Ke6
54. Kd4 Rf1 55. Re3+ Kd6 56. Ra3 Rd1+ 57. Ke3 Ke5 58. Ke2 Rb1 59. Ra7 Rb2+ 60.
Kf3 Rb3+ 61. Kf2 Ke6 62. Ra6+ Kf5 63. Ra7 f6 64. Ra6 Ke5 65. Rc6 d4 66. Ra6 d3
67. g4 d2 68. Ke2 Rh3 69. Ra5+ Kf4 70. h5 gxh5 71. gxh5 Rh2+ 72. Kd1 f5 73. Rd5
Kg4 74. Rd8 Rxh5 75. Kxd2 f4 76. Ke1 Kg3 77. Rg8+ Kf3 78. Rg7 Rh1+ 79. Kd2 Kf2
80. Rg4 f3 81. Rg7 Rh8 82. Rg6 Rd8+ 83. Kc2 Kf1 84. Kd2 Ke2+ 85. Kxe2 0-1